000 00310 a2200109 4500
001 ART_7839
005 20260410161638.0
008 260409a
245 1 0 _aPanorama internacional
100 1 _aEdelstein, Andrés M.
773 0 _tConsultor tributario
_g- Vol. 2, Nº 14 (abr. 2008)
_wREV474
999 _c13073
_d13073